MEDICINAL CHEMISTRY-IV : for B Pharma, (SEM-VIII) (Record no. 5776)

MARC details
000 -LEADER
fixed length control field 00462nam a22001817a 4500
005 - DATE AND TIME OF LATEST TRANSACTION
control field 20230116101541.0
008 - FIXED-LENGTH DATA ELEMENTS--GENERAL INFORMATION
fixed length control field 190326b xxu||||| |||| 00| 0 eng d
020 ## - INTERNATIONAL STANDARD BOOK NUMBER
ISBN N 1552
041 ## - LANGUAGE CODE
Language code of text/sound track or separate title eng
082 ## - DEWEY DECIMAL CLASSIFICATION NUMBER
Classification number 615.19
Item number BOT-M
100 ## - MAIN ENTRY--AUTHOR NAME
Personal name BOTHARA, DR, K.G.
245 ## - TITLE STATEMENT
Title MEDICINAL CHEMISTRY-IV : for B Pharma, (SEM-VIII)
250 ## - EDITION STATEMENT
Edition statement 1st , 2016
260 ## - PUBLICATION, DISTRIBUTION, ETC. (IMPRINT)
Place of publication PUNE
Name of publisher NIRALI PRAKASHAN
300 ## - PHYSICAL DESCRIPTION
Number of Pages I.6p,
650 ## - SUBJECT ADDED ENTRY--TOPICAL TERM
Topical Term PHARMACY
General subdivision B.PHARMA
942 ## - ADDED ENTRY ELEMENTS (KOHA)
Koha item type Books
Holdings
Lost status Damaged status Collection code Home library Current library Shelving location Date acquired Source of acquisition Cost, normal purchase price Full call number Accession Number Koha item type
    PHARMACY JRU Library JRU Library SHELF-18-B 26/03/2019 PURCHESS 200.00 615.19 BOT-M 22507 Books
    PHARMACY JRU Library JRU Library SHELF-18-B 26/03/2019 PURCHESS 200.00 615.19 BOT-M 22508 Books
    PHARMACY JRU Library JRU Library SHELF-18-B 26/03/2019 PURCHESS 200.00 615.19 BOT-M 22509 Books
    PHARMACY JRU Library JRU Library SHELF-18-B 26/03/2019 PURCHESS 200.00 615.19 BOT-M 22510 Books
    Reference JRU Library JRU Library SHELF-4-B 26/03/2019 PURCHESS 200.00 615.19 22511 Books
    PHARMACY JRU Library JRU Library SHELF-18-B 10/02/2022 PURCHASE 200.00 615.19 26232 Books
    PHARMACY JRU Library JRU Library SHELF-18-B 10/02/2022 PURCHASE 200.00 615.19 26233 Books
    PHARMACY JRU Library JRU Library SHELF-18-B 10/02/2022 PURCHASE 200.00 615.19 26234 Books